000 00367nam a22001457a 4500
003 OSt
005 20160727222455.0
008 160705b xxu||||| |||| 00| 0 eng d
040 _cTEST
100 _92146
_a Berloquin, P
245 _a365 Exercises for the Mind
260 _aN.Y
_b Barnes &Noble Books
_c1998
300 _a365 Exercises for the Mind
942 _2ddc
_cBK
999 _c1839
_d1839